[Event "Mermaid Beach Club"]
[Site "Bermuda"]
[Date "1997.??.??"]
[Round "2"]
[White "Ashley, Maurice"]
[Black "Bezold, Michael"]
[Result "0-1"]
[WhiteElo "2465"]
[BlackElo "2500"]
[Annotator "Ribli,Z"]
[PlyCount "148"]
[EventDate "1997.01.??"]
[EventType "tourn"]
[EventRounds "11"]
[EventCountry "BER"]
[EventCategory "11"]
[SourceTitle "CBM 058"]
[Source "ChessBase"]
[SourceDate "1997.06.01"]
[SourceVersion "1"]
[SourceVersionDate "1997.06.01"]
[SourceQuality "1"]

1. e4 c5 2. Nf3 e6 3. d4 cxd4 4. Nxd4 a6 5. Nc3 Qc7 6. Bd3 Nc6 7. Be3 b5 {
Dieser sofortige VorstoЯ ist wieder populдr heutzutage.Ribli.} 8. O-O Bb7 9.
Qe2 (9. Nxc6 Qxc6 10. Re1 Nf6 11. Bd4 Be7 12. Qf3 b4 $1 {Das ist die andere
Variante, in der Schwarz ungefдhr gleiche Chancen hat, Polgar,J-Leko,Dortmund
1996.Ribli.}) 9... Nf6 10. Rad1 (10. f4 Nxd4 11. Bxd4 Bc5 12. Bxc5 Qxc5+ 13.
Kh1 b4 14. Nd1 O-O 15. c4 d6 16. Nf2 Rfd8 $1 $11 {[%cal Gd8d6] Lau,R-Hoffman/
Lippstadt/1993/}) (10. Kh1 Bb4 $5 {Zontakh-Novgorodsky/RUS-CUP1/1996/}) (10.
Nxc6 dxc6 (10... Bxc6 11. Bd4 b4 12. Bxf6 gxf6 13. Nd5 Qe5 14. Nb6 Rb8 15. Nc4
$14) (10... Qxc6 11. a3 Rc8 $6 (11... Be7 $5 12. f4 O-O 13. Qf3 Bc5 $1 $13 {
Khalifman,A-Salov,Wijk cm4/1994/}) 12. f4 d6 $2 (12... Bc5 13. Bxc5 Qxc5+ 14.
Kh1 d6 15. e5 dxe5 16. fxe5 Nd7 17. Rae1 O-O 18. Rf4 $40) (12... h5 13. e5 Ng4
14. Be4 Qc7 15. Bxb7 Qxb7 16. Kh1 Rc4 17. h3 $14 {Zarnicki-Milov/Buenos Aires/
1996/}) 13. Nxb5 $1 $16) 11. a4 b4 (11... Bd6 12. f4 e5 13. f5 {[%csl Ye4,Yf5]
Mit Raumgewinn fьr WeiЯ.Ribli.} (13. axb5 axb5 14. Bxb5 cxb5 (14... Rxa1 15.
Rxa1 cxb5 16. Nxb5 Qe7 17. Nxd6+ Qxd6 18. Qb5+ Bc6 19. Ra8+ (19. fxe5 Bxb5 20.
exd6 {Auch ohne Damen ist die weiЯe Initiative gefдhrlich.Ribli.}) 19... Ke7
20. Ra7+ Nd7) 15. Nxb5 Qe7 16. Nxd6+ Qxd6 17. Qb5+ Bc6 $4 (17... Qd7 18. Qxe5+
{Und meiner Meinung nach hat WeiЯ mehr als ausreichende Kompensation fьr die
Figur.Ribli.}) 18. Rxa8+ $18)) 12. Nb1 {[%cal Yb1d2,Yd2c4]} c5 13. Nd2 {
Und der weiЯe Springer bekommt einen guten Posten auf c4.Ribli.}) 10... Ne5 $1
(10... Nxd4 11. Bxd4 Bc5 12. Bxc5 Qxc5 13. e5 $16 {[%csl Rd6,Rf6]}) (10... Be7
11. f4 O-O 12. e5 Ne8 13. Qh5 $40 {[%cal Rh5h7] Geller,E-Gipslis,E/Moscow/1969/
}) 11. h3 $146 (11. f4 Neg4) (11. Bf4 Bc5 $13) 11... b4 12. Na4 d5 {Schwarz
spielt scharf. Sein Kцnig steht in der Mitte, und er beginnt Aktivitдten im
Zentrum.Ribli.} 13. exd5 Nxd5 {Schwarz hat einige Entwicklungsprobleme, aber
seine zwei Springer stehen aktiv im Zentrum.Ribli.} 14. Be4 Rd8 (14... Be7 15.
Nf5 exf5 16. Bxd5 Bxd5 17. Rxd5 $36 {[%csl Re5,Rf5]}) 15. Nb3 Bc6 (15... Nxe3
16. Rxd8+ Qxd8 17. Bxb7 Nxf1 18. Qxe5 $44) (15... Nc4 16. Bg5 $36 {[%cal Rg5d8]
}) 16. Bxd5 (16. Nac5 Bb5 17. Nd3 Be7 $11) 16... Bb5 {Ein erzwungener
Zwischenzug.Ribli.} (16... Bxd5 17. Bb6 $16) (16... Rxd5 17. Qxa6 $16) 17. Qh5
$13 (17. c4 bxc3) (17. Bb6 Qxb6 18. Qxe5 Bxa4 $13) 17... g6 18. Bb6 (18. Qg5
Be7) 18... Qb8 (18... Qxb6 19. Qxe5 $18) 19. Qg5 Be7 (19... Rxd5 20. Rxd5 exd5
21. Re1 $16) 20. Qh6 Rxd5 21. Rxd5 (21. Qg7 Kd7) 21... exd5 22. Qg7 Kd7 23. Ba7
$2 {Nach groЯen Komplikationen findet WeiЯ nicht die beste Fortsetzung.Ribli.}
(23. Bd4 $1 {Alles hдngt, aber in den konkreten Varianten hat WeiЯ Vorteil.
Ribli.} Bxf1 (23... Rg8 24. Nac5+ $18) 24. Bxe5 Rg8 25. Bxb8 Rxg7 26. Kxf1 Kc6
27. Nd4+ $16) 23... Qxa7 24. Qxh8 f6 25. Rd1 $6 (25. Qg8 $1 $44 Bxa4 (25...
Bxf1 26. Qxd5+ $16) 26. Qxd5+ Ke8 (26... Kc7 27. Qa5+ {[%csl Ra4]}) 27. Qg8+
Bf8 $14) 25... Bxa4 26. Rxd5+ Kc6 $5 {Schwarz hat zwei Leichtfiguren fьr Turm
und Bauer, und die weiЯe Initiative ist nicht mehr so stark wie vorher.Ribli.}
(26... Ke6 27. Qg8+ Nf7 28. Rd2 Bxb3 29. axb3 $36) 27. Qg8 Qc7 28. f4 $6 (28.
Nd4+ Kb7 29. Qxh7 $13) 28... Bxb3 29. axb3 Nd7 30. Qe6+ Bd6 31. Rd1 {Die
Fesslung ist unangenehm fьr Schwarz. Da WeiЯ jedoch keine konkreten Drohungen
hat, kann er schrittweise seine Stellung konsolidieren.Ribli.} Qb6+ 32. Kh1 Qc5
33. Qe4+ Kc7 $15 {Endlich findet der schwarze Kцnig im 33.Zug Ruhe am
Damenflьgel.Ribli.} 34. Qe2 a5 35. Qa6 $6 {WeiЯ spielt in dieser Partie nur
auf Angriff. Meiner Meinung nach wдre es besser, den Pf4 nicht aufzugeben.
Ribli.} (35. g3) 35... Bxf4 $17 36. Qe6 Bd6 37. Rd5 {WeiЯ hat nur
Scheindrohungen und nichts Konkretes.Ribli.} Qb6 38. Qe2 Ne5 39. Rd1 Kd7 40.
Qd2 Ke6 {Schwarz hat zwei Leichtfiguren fьr den Turm und am Kцnigsflьgel 3
Bauern gegen zwei. Aber er muЯ vorsichtig sein, da das Zusammenspiel von Dame
und Turm immer gefдhrlich sein kann.Ribli.} 41. Qe2 h5 42. Re1 Qd4 43. Qa6 Qd2
44. Rf1 Qxc2 45. Qa8 (45. Qxa5 Qxb3 $17) 45... Qc7 $1 46. Qg8+ Qf7 47. Qa8 Qf8
48. Qxa5 Be7 {Schwarz muЯ noch seine Kцnigsstellung verbessern, und
anschlieЯend kann er die entscheidende Aktion beginnen.Ribli.} 49. Rd1 Kf7 50.
Qc7 Qa8 51. Qc2 Qc6 52. Qe2 (52. Qxc6 Nxc6 $19 {Das Endspiel ist vцllig
chancenlos fьr WeiЯ. Ich will nicht sagen nicht, daЯ er reale Hoffnungen in
der Partie hat, aber mit den Damen am Brett kann -in einer praktische Partie -
noch alles passieren...Ribli.}) 52... Qe6 53. Qe3 g5 54. Qe4 Ng6 55. Qc4 g4 $5
(55... Qxc4 56. bxc4 {Dieses Endspiel ist natьrlich auch vorteilhaft fьr
Schwarz, aber WeiЯ hat einen Freibauern.Ribli.}) 56. hxg4 hxg4 57. Re1 Ne5 58.
Qe4 Kg7 59. Qb7 Qf7 (59... f5 60. Qc7 Kf6 $17) 60. Rc1 Bd6 61. Qxf7+ (61. Qb6
Nd3 62. Rc6 Qh5+ 63. Kg1 Bc5+ $19) 61... Kxf7 {Ohne Damen hat WeiЯ keine
Chancen. Das materielle Ьbergewicht von Schwarz zeigt sich frьher oder spдter.
Ribli.} 62. Rd1 Ke6 63. Kg1 f5 64. Kf1 Bc5 65. Rd8 f4 66. Rg8 f3 67. g3 Kd5 {
Alle schwarze Figuren stehen aktiv, wдhrend WeiЯ nur warten kann.Ribli.} 68.
Rc8 Bd4 69. Re8 Ke4 {WeiЯ steht sehr passiv, und er hat keinen Bauernzug mehr,
deshalb kann er an ein Patt denken.Ribli.} 70. Rb8 Kd3 71. Rd8 f2 72. Re8 Nf3
73. Kg2 Nd2 74. Kh2 f1=R {Weiss gab in Ermangelung von Pattmotiven auf. Ribli.}
(74... f1=Q 75. Re3+ Kc2 $1 (75... Bxe3 $11 {Patt}) 76. Rc3+ bxc3 $19) 0-1

[Event "Mermaid Beach Club"]
[Site "Bermuda"]
[Date "1997.??.??"]
[Round "5"]
[White "Ashley, Maurice"]
[Black "Waitzkin, Joshua"]
[Result "1-0"]
[WhiteElo "2465"]
[BlackElo "2440"]
[Annotator "Rechlis,G"]
[PlyCount "151"]
[EventDate "1997.01.??"]
[EventType "tourn"]
[EventRounds "11"]
[EventCountry "BER"]
[EventCategory "11"]
[SourceTitle "CBM 058"]
[Source "ChessBase"]
[SourceDate "1997.06.01"]
[SourceVersion "1"]
[SourceVersionDate "1997.06.01"]
[SourceQuality "1"]

1. e4 {Endspiel-CD} c5 2. Nf3 d6 3. d4 cxd4 4. Nxd4 Nf6 5. Nc3 Nc6 6. Bc4 Qb6
7. Nxc6 bxc6 8. O-O e5 9. Bg5 Qxb2 10. Qd3 Qb6 11. Bxf6 gxf6 12. Nd5 Qd8 13.
Rab1 $5 $146 {This move looks like an improvment over Topalov's move (see game
below).} (13. Ne3 Bh6 14. Rad1 Ke7 15. Bb3 Be6 16. Nc4 d5 17. Ba4 Rc8 18. Qa3+
c5 19. exd5 Bg4 20. f3 Bf5 21. d6+ Kf8 22. d7 Rc7 23. Rd5 Kg7 24. Nd6 Bxd7 25.
Rfd1 Qe7 26. Bxd7 Qxd7 27. Qd3 Qe6 28. Qe4 Kg8 29. Nf5 {1-0 Topalov,V-Gavrikov,
V/Geneva CS 1996}) 13... Be7 $1 (13... cxd5 $2 14. Qxd5 Be6 15. Bb5+ Ke7 16.
Qb7+ Bd7 17. Bxd7 $18) (13... Be6 $2 14. Rb7 $1) (13... Bh6 14. Qf3 $5 cxd5 $2
15. Bxd5 Be6 (15... Bd7 16. Qh5) (15... Ba6 16. Qh5 O-O 17. Qxh6 Bxf1 18. Rb3)
16. Bxe6 fxe6 17. Qh5+ $18) 14. Nxe7 (14. Ne3 $5) 14... Kxe7 15. f4 Qa5 16. Kh1
Rg8 17. Bxf7 $6 {Since this move doesn't win by force , it better been avoided
.} (17. f5 $5 $16) 17... Kxf7 18. Qxd6 Qd8 $1 19. Qxc6 Qd2 $1 20. Rg1 Bd7 21.
Qc4+ Ke7 22. fxe5 fxe5 23. Rbd1 Qa5 24. Qd3 (24. Rd5 Be6 $1 $40) 24... Qc7 25.
Qa3+ Ke8 26. Rgf1 $6 Rc8 27. Rd2 Qc4 $5 28. Rdf2 Qc5 29. Qf3 Kd8 (29... Qe7 $2
30. Qh5+ Rg6) 30. Rd2 Kc7 $1 (30... Rc7) (30... Rg7 $1 $16) 31. Rxd7+ $1 $14
Kxd7 32. Qf7+ Kc6 33. Rf6+ Kb5 34. Qb7+ Qb6 $6 {In this sort of endgames the
defenders king is better placed on the first (or seventh) rank . Black is
probably not familiar wit that secret .} 35. Rxb6+ axb6 36. Qd5+ Ka6 37. h3 Rg6
38. Qd3+ Kb7 39. Qd7+ Rc7 40. Qd5+ Ka7 41. c4 Rcg7 42. Qd2 Rg3 43. Qf2 Kb7 44.
Kh2 Rxg2+ $142 45. Qxg2 Rxg2+ 46. Kxg2 Kc6 47. Kg3 Kc5 48. Kg4 Kxc4 49. Kf5 Kd4
50. h4 {Now , the bad position of the black king is felt !} b5 51. h5 b4 52. h6
Kc3 53. Kxe5 Kb2 54. Kf6 Kxa2 55. e5 b3 56. e6 b2 57. e7 b1=Q 58. e8=Q Qd3 59.
Kg7 Ka3 60. Kh8 Qf5 61. Kg8 Qd3 62. Qf7 Ka4 (62... Kb2) 63. Kh8 Qe4 64. Qa7+
Kb5 65. Qxh7 Qe5+ 66. Qg7 Qe8+ 67. Kh7 Qe4+ 68. Qg6 Qe7+ 69. Kg8 Qd8+ (69...
Ka4 $11 {Endspiel-CD} 70. h7 Qd8+ 71. Kg7 Qe7+ 72. Kh6 Qh4+ $11) 70. Kg7 Qe7+
71. Qf7 Qe5+ (71... Qg5+ $11 {Endspiel-CD} 72. Kh7 (72. Qg6 Qe7+ $11) 72... Ka4
$11 (72... Qg1 $11)) 72. Qf6 Qg3+ 73. Kf7 Qc7+ (73... Qd3 $142 {Endspiel-CD}
74. Qf4 $1 $18 (74. Qg6 Qc4+ 75. Qe6 Qd3 76. Kg7 $18 {53}) (74. Kg7 $4 Ka4 $11)
74... Z0 75. Kg7 $140 Qd7+ 76. Kg6 (76. Qf7 $4 Qg4+ $11) 76... Qe8+ 77. Qf7
Qc6+ 78. Qf6 Qe8+ 79. Kg5 Qe3+ 80. Qf4 Qe7+ 81. Kg4 Qe2+ 82. Kf5 Qc2+ 83. Qe4
Qf2+ 84. Ke5 Qh2+ 85. Qf4 Qb2+ (85... Qh5+ 86. Kf6 $18) 86. Ke6 Qa2+ 87. Kf6
Qa6+ 88. Kg5 Qb7 89. Qf1+ Kc5 90. Qf5+ Kc4 91. h7 $18) 74. Kg6 Ka4 75. h7 Qg3+
76. Kh5 (76. Kh5 {Endspiel-CD} Qh3+ $140 77. Qh4+) 1-0

[Event "Mermaid Beach Club"]
[Site "Bermuda"]
[Date "1997.??.??"]
[Round "9"]
[White "Ashley, Maurice"]
[Black "De Firmian, Nick E"]
[Result "1/2-1/2"]
[WhiteElo "2465"]
[BlackElo "2575"]
[PlyCount "107"]
[EventDate "1997.01.??"]
[EventType "tourn"]
[EventRounds "11"]
[EventCountry "BER"]
[EventCategory "11"]
[SourceTitle "CBM 058"]
[Source "ChessBase"]
[SourceDate "1997.06.01"]
[SourceVersion "1"]
[SourceVersionDate "1997.06.01"]
[SourceQuality "1"]

1. d4 e6 2. e4 d5 3. exd5 exd5 4. c4 Nf6 5. Nc3 Bb4 6. Bd3 O-O 7. Nge2 dxc4 8.
Bxc4 Nbd7 9. O-O Nb6 10. Bb3 Re8 11. Bg5 h6 12. Bh4 Be6 13. d5 Bf5 14. a4 Nbd7
15. Nd4 Bh7 16. Ne6 Qb8 17. Rc1 a6 18. Re1 Bd6 19. Qd4 Qa7 20. Qd2 fxe6 21.
dxe6 Nc5 22. Bc2 Be7 23. Bxf6 Bxf6 24. Nd5 Bg5 25. Bxh7+ Kxh7 26. Qc2+ Kh8 27.
Qxc5 Bxc1 28. Qxc1 Rad8 29. Nf4 Qd4 30. Qxc7 Qb4 31. Kf1 Qxb2 32. Qf7 Qf6 33.
h4 Rxe6 34. Qxe6 Qxf4 35. Qe7 Rf8 36. Qc5 Kg8 37. g3 Qxa4 38. Qd5+ Kh8 39. Qxb7
Qb5+ 40. Qxb5 axb5 41. Re7 Rb8 42. Ke1 b4 43. Kd1 b3 44. Kc1 Rc8+ 45. Kb1 Rc2
46. Rf7 Re2 47. h5 Kg8 48. Rf5 b2 49. g4 Rd2 50. f3 Rh2 51. Ka2 g6 52. hxg6 Kg7
53. Kb1 Kxg6 54. Ka2 1/2-1/2

[Event "Mermaid Beach Club"]
[Site "Bermuda"]
[Date "1997.??.??"]
[Round "11"]
[White "Ashley, Maurice"]
[Black "Hellsten, Johan"]
[Result "0-1"]
[WhiteElo "2465"]
[BlackElo "2485"]
[PlyCount "32"]
[EventDate "1997.01.??"]
[EventType "tourn"]
[EventRounds "11"]
[EventCountry "BER"]
[EventCategory "11"]
[SourceTitle "CBM 058"]
[Source "ChessBase"]
[SourceDate "1997.06.01"]
[SourceVersion "1"]
[SourceVersionDate "1997.06.01"]
[SourceQuality "1"]

1. e4 c5 2. Nf3 e6 3. d4 cxd4 4. Nxd4 a6 5. Nc3 Qc7 6. Bd3 Nf6 7. O-O Bc5 8.
Be3 d6 9. Qf3 Nbd7 10. Qg3 O-O 11. a4 b6 12. Be2 Kh8 13. f3 e5 14. Nf5 g6 15.
Kh1 gxf5 16. Bg5 Bb7 0-1

[Event "New York op"]
[Site "New York"]
[Date "1997.??.??"]
[Round "?"]
[White "Ashley, Maurice"]
[Black "Gulko, Boris F"]
[Result "0-1"]
[WhiteElo "2465"]
[BlackElo "2595"]
[PlyCount "132"]
[EventDate "1997.04.02"]
[EventType "swiss"]
[EventRounds "9"]
[EventCountry "USA"]
[SourceTitle "CBM 057 Extra"]
[Source "ChessBase"]
[SourceDate "1997.05.01"]
[SourceVersion "1"]
[SourceVersionDate "1997.05.01"]
[SourceQuality "1"]

1. e4 e6 2. d4 d5 3. exd5 exd5 4. c4 Nf6 5. Nc3 Be7 6. Bd3 O-O 7. Nge2 Nc6 8.
a3 Bg4 9. Be3 Qd7 10. O-O Rad8 11. Re1 dxc4 12. Bxc4 Na5 13. Bb5 c6 14. Bd3 c5
15. Bb5 Qc7 16. Qa4 c4 17. Qd1 Nb3 18. Ra2 Bf5 19. h3 a6 20. Ba4 Nc5 21. Bc2
Bxc2 22. Qxc2 Nb3 23. Rd1 Rfe8 24. Nc1 Na5 25. Ra1 b5 26. Rb1 Qc6 27. Re1 Nd5
28. Nxd5 Qxd5 29. Ne2 Bf6 30. Rbd1 Nb3 31. Nc3 Nxd4 32. Nxd5 Nxc2 33. Re2 Nxe3
34. fxe3 Kf8 35. Kf2 Rd6 36. e4 Be5 37. g4 Red8 38. Kf3 Rh6 39. Kg2 Rg6 40. Rf1
Rd7 41. Rf5 Re6 42. Rf1 Bd4 43. Kf3 g6 44. Rd1 Be5 45. Red2 Kg7 46. g5 Red6 47.
Rf1 f5 48. gxf6+ Bxf6 49. Re2 Bd4 50. Rd1 Be5 51. Ra1 Rf7+ 52. Kg2 Rd8 53. a4
Rdf8 54. axb5 axb5 55. Ne3 Bd4 56. Ra2 Rf4 57. Nd1 Rf3 58. Rd2 Be5 59. Nf2 Rg3+
60. Kh1 Rf7 61. Ra8 h5 62. Re8 Bf4 63. Re2 Be3 64. Nd1 Rf1+ 65. Kh2 Bf4 66. Rf2
Rg4+ 0-1

[Event "New York op"]
[Site "New York"]
[Date "1997.??.??"]
[Round "?"]
[White "Shabalov, Alexander"]
[Black "Ashley, Maurice"]
[Result "1/2-1/2"]
[WhiteElo "2555"]
[BlackElo "2465"]
[PlyCount "82"]
[EventDate "1997.04.02"]
[EventType "swiss"]
[EventRounds "9"]
[EventCountry "USA"]
[SourceTitle "CBM 057 Extra"]
[Source "ChessBase"]
[SourceDate "1997.05.01"]
[SourceVersion "1"]
[SourceVersionDate "1997.05.01"]
[SourceQuality "1"]

1. e4 c5 2. Nf3 d6 3. d4 cxd4 4. Nxd4 Nf6 5. Nc3 Nc6 6. Bg5 e6 7. Qd2 a6 8.
O-O-O h6 9. Be3 Bd7 10. f3 b5 11. Kb1 Ne5 12. Bd3 b4 13. Nce2 d5 14. exd5 Nxd5
15. Nf4 Nxe3 16. Qxe3 Bd6 17. Nfxe6 Bxe6 18. Nxe6 fxe6 19. f4 Nxd3 20. Rxd3 Qe7
21. Qb6 Rd8 22. Rhd1 Qc7 23. Qxa6 Ke7 24. Re3 Rhe8 25. f5 Kf7 26. fxe6+ Rxe6
27. Rxe6 Kxe6 28. Qd3 Be7 29. Qg6+ Bf6 30. Re1+ Kd6 31. a3 Qc5 32. Qf7 Kc6 33.
Re6+ Rd6 34. Rxd6+ Qxd6 35. Qc4+ Qc5 36. Qxb4 Qg1+ 37. Ka2 Qxg2 38. Qc4+ Kd6
39. Qb4+ Kc6 40. Qc4+ Kd6 41. Qb4+ Kc6 1/2-1/2

[Event "New York op"]
[Site "New York"]
[Date "1997.??.??"]
[Round "4"]
[White "Ashley, Maurice"]
[Black "Ippolito, Dean"]
[Result "1-0"]
[WhiteElo "2465"]
[BlackElo "2280"]
[PlyCount "45"]
[EventDate "1997.04.02"]
[EventType "swiss"]
[EventRounds "9"]
[EventCountry "USA"]
[SourceTitle "EXT 2001"]
[Source "ChessBase"]
[SourceDate "2000.11.22"]
[SourceVersion "1"]
[SourceVersionDate "2000.11.22"]
[SourceQuality "1"]

1. d4 d5 2. c4 c6 3. Nf3 Nf6 4. e3 e6 5. Nc3 Nbd7 6. Qc2 Bd6 7. b3 O-O 8. Be2
b6 9. O-O Bb7 10. Bb2 Re8 11. Rfd1 Qe7 12. Rab1 Rac8 13. Ba1 Red8 14. Bd3 c5
15. cxd5 exd5 16. Bf5 g6 17. Bd3 Ne4 18. dxc5 Rxc5 19. b4 Rcc8 20. Bxe4 dxe4
21. Nd2 Nf6 22. Nf1 Be5 23. Rxd8+ 1-0

[Event "World op 25th"]
[Site "Philadelphia"]
[Date "1997.??.??"]
[Round "1"]
[White "Ashley, Maurice"]
[Black "Hook, William"]
[Result "1-0"]
[WhiteElo "2445"]
[BlackElo "2155"]
[PlyCount "87"]
[EventDate "1997.06.28"]
[EventType "swiss"]
[EventRounds "9"]
[EventCountry "USA"]
[SourceTitle "EXT 2000"]
[Source "ChessBase"]
[SourceDate "1999.11.16"]
[SourceVersion "1"]
[SourceVersionDate "1999.11.16"]
[SourceQuality "1"]

1. e4 e6 2. d4 d5 3. exd5 exd5 4. c4 Nf6 5. Nc3 Be7 6. Bd3 O-O 7. Nge2 c6 8.
O-O dxc4 9. Bxc4 Nbd7 10. Re1 Nb6 11. Bb3 Bf5 12. Ng3 Bg6 13. f4 h6 14. f5 Bh7
15. Be3 Re8 16. Qf3 Qd7 17. Rad1 Nbd5 18. Bc1 Bb4 19. Rf1 Rad8 20. Rd3 a6 21.
Nh5 Nxh5 22. Qxh5 Nf6 23. Qh3 Bf8 24. Rdd1 Nd5 25. Nxd5 cxd5 26. Qh5 f6 27. Qf3
Kh8 28. g4 Bg8 29. Bf4 Bb4 30. h4 Ba5 31. Bc2 Bh7 32. Bg3 Qb5 33. Bb3 Bg8 34.
g5 Qe2 35. gxf6 gxf6 36. Bf4 Qxf3 37. Rxf3 Bf7 38. Re3 Rxe3 39. Bxe3 Bh5 40.
Rc1 Kh7 41. Rc5 Be1 42. Bxd5 b6 43. Rc7+ Kh8 44. Be6 1-0

[Event "World op 25th"]
[Site "Philadelphia"]
[Date "1997.??.??"]
[Round "4"]
[White "Shabalov, Alexander"]
[Black "Ashley, Maurice"]
[Result "1-0"]
[WhiteElo "2585"]
[BlackElo "2445"]
[PlyCount "69"]
[EventDate "1997.06.28"]
[EventType "swiss"]
[EventRounds "9"]
[EventCountry "USA"]
[SourceTitle "EXT 2000"]
[Source "ChessBase"]
[SourceDate "1999.11.16"]
[SourceVersion "1"]
[SourceVersionDate "1999.11.16"]
[SourceQuality "1"]

1. e4 c5 2. Nf3 d6 3. d4 cxd4 4. Nxd4 Nf6 5. Nc3 Nc6 6. Bg5 e6 7. Qd2 a6 8.
O-O-O h6 9. Be3 Bd7 10. f3 b5 11. Kb1 Ne5 12. Bd3 Qc7 13. Rhe1 Qb7 14. g4 g6
15. h4 b4 16. Nce2 Nxd3 17. cxd3 e5 18. Nb3 Be6 19. d4 Bxb3 20. axb3 Nd7 21.
Rc1 Be7 22. h5 d5 23. hxg6 fxg6 24. f4 Nf6 25. exd5 e4 26. Rc6 Kf7 27. f5 g5
28. Ng3 Rad8 29. Qc2 Nxd5 30. Qc4 Qb5 31. Nxe4 Rhe8 32. Rxh6 Qxc4 33. bxc4 Nxe3
34. Rh7+ Kf8 35. Reh1 1-0

[Event "World op 25th"]
[Site "Philadelphia"]
[Date "1997.??.??"]
[Round "5"]
[White "Ashley, Maurice"]
[Black "Dorobanov, Svetoslav"]
[Result "1-0"]
[WhiteElo "2445"]
[BlackElo "2360"]
[PlyCount "55"]
[EventDate "1997.06.28"]
[EventType "swiss"]
[EventRounds "9"]
[EventCountry "USA"]
[SourceTitle "EXT 2000"]
[Source "ChessBase"]
[SourceDate "1999.11.16"]
[SourceVersion "1"]
[SourceVersionDate "1999.11.16"]
[SourceQuality "1"]

1. e4 c5 2. Nf3 d6 3. d4 cxd4 4. Nxd4 Nf6 5. Nc3 a6 6. Bc4 e6 7. Bb3 Nbd7 8. f4
Nc5 9. Qf3 Be7 10. O-O O-O 11. Be3 Qc7 12. Rae1 b5 13. e5 Bb7 14. exf6 Bxf3 15.
fxe7 Qxe7 16. Rxf3 b4 17. Na4 Nxb3 18. axb3 Qc7 19. Re2 Rab8 20. Bf2 Rfc8 21.
Rd3 Re8 22. Red2 e5 23. fxe5 dxe5 24. Nf5 Rbd8 25. Nd6 Rxd6 26. Rxd6 e4 27. Bb6
Qe7 28. Rd8 1-0

[Event "World op 25th"]
[Site "Philadelphia"]
[Date "1997.??.??"]
[Round "6"]
[White "Yermolinsky, Alex"]
[Black "Ashley, Maurice"]
[Result "1-0"]
[WhiteElo "2650"]
[BlackElo "2445"]
[PlyCount "49"]
[EventDate "1997.06.28"]
[EventType "swiss"]
[EventRounds "9"]
[EventCountry "USA"]
[SourceTitle "EXT 2000"]
[Source "ChessBase"]
[SourceDate "1999.11.16"]
[SourceVersion "1"]
[SourceVersionDate "1999.11.16"]
[SourceQuality "1"]

1. Nf3 d6 2. d4 Nf6 3. c4 g6 4. Nc3 Bg7 5. e4 O-O 6. Be2 e5 7. O-O exd4 8. Nxd4
Re8 9. f3 Nc6 10. Be3 Nh5 11. Qd2 f5 12. Nxc6 bxc6 13. c5 f4 14. Bf2 Be6 15.
cxd6 cxd6 16. Rfd1 Be5 17. Rac1 c5 18. Nb5 Ng3 19. Bc4 Qb6 20. b3 a6 21. Na3
Qb4 22. Bxe6+ Rxe6 23. Nc4 Qxd2 24. Rxd2 Nh5 25. Nxe5 1-0

[Event "Budapest FS10 IM-A"]
[Site "Budapest"]
[Date "1997.10.05"]
[Round "1"]
[White "Ashley, Maurice"]
[Black "Gorbatov, Alexej"]
[Result "1-0"]
[WhiteElo "2445"]
[BlackElo "2420"]
[PlyCount "147"]
[EventDate "1997.10.05"]
[EventType "tourn"]
[EventRounds "13"]
[EventCountry "HUN"]
[EventCategory "7"]
[SourceTitle "CBM 061 Extra"]
[Source "ChessBase"]
[SourceDate "1998.03.09"]
[SourceVersion "1"]
[SourceVersionDate "1998.03.09"]
[SourceQuality "1"]

1. e4 g6 2. d4 Bg7 3. Nc3 d6 4. Be3 a6 5. Qd2 Nd7 6. Nf3 b5 7. a4 b4 8. Ne2 Bb7
9. Ng3 c5 10. Bd3 h5 11. h3 Rc8 12. b3 Ngf6 13. Ng5 Nh7 14. Nxh7 cxd4 15. Bh6
Rxh7 16. Bxg7 Rxg7 17. Qxb4 Qb6 18. Qd2 Nf6 19. a5 Qc5 20. b4 Qe5 21. f4 Qe6
22. O-O h4 23. Ne2 Nxe4 24. Bxe4 Qxe4 25. Nxd4 Rc4 26. c3 Rxc3 27. Rf3 Rc4 28.
Rd3 g5 29. Re1 Qxf4 30. Rde3 e5 31. Nf3 e4 32. Qb2 f6 33. Nd2 Rgc7 34. Nxc4
Rxc4 35. Qe2 Bd5 36. Qxc4 Bxc4 37. Rxe4+ Qe5 38. Rxe5+ fxe5 39. Rc1 d5 40. Re1
e4 41. Kf2 Kd7 42. Ke3 Kc6 43. Kd4 Kb5 44. Kc3 Bd3 45. Rg1 Bc4 46. Re1 Bd3 47.
g3 Bc4 48. gxh4 gxh4 49. Rg1 d4+ 50. Kxd4 Be6 51. Rg6 Bxh3 52. Kc3 Bf1 53. Rg4
h3 54. Rxe4 Bg2 55. Rh4 Bf1 56. Kb3 Bg2 57. Rh5+ Kc6 58. Kc4 Bf1+ 59. Kc3 Kd6
60. Kd4 Kc6 61. Rh6+ Kb5 62. Rb6+ Ka4 63. Kc5 Kb3 64. Rh6 Kc3 65. b5 Bxb5 66.
Rxh3+ Kd2 67. Kb6 Bf1 68. Rg3 Bc4 69. Ka7 Kc2 70. Rg6 Kb3 71. Rxa6 Kb4 72. Kb6
Bxa6 73. Kxa6 Kc5 74. Kb7 1-0

[Event "Budapest FS10 IM-A"]
[Site "Budapest"]
[Date "1997.10.07"]
[Round "3"]
[White "Levin, Felix"]
[Black "Ashley, Maurice"]
[Result "1/2-1/2"]
[WhiteElo "2475"]
[BlackElo "2445"]
[PlyCount "107"]
[EventDate "1997.10.05"]
[EventType "tourn"]
[EventRounds "13"]
[EventCountry "HUN"]
[EventCategory "7"]
[SourceTitle "CBM 061 Extra"]
[Source "ChessBase"]
[SourceDate "1998.03.09"]
[SourceVersion "1"]
[SourceVersionDate "1998.03.09"]
[SourceQuality "1"]

1. d4 d5 2. c4 dxc4 3. e3 Nf6 4. Bxc4 e6 5. Nf3 c5 6. Qe2 a6 7. dxc5 Bxc5 8.
O-O b5 9. Bd3 Nc6 10. Nbd2 Bb7 11. a4 bxa4 12. Rxa4 Nb4 13. Bc4 Nfd5 14. Nb3
Qe7 15. Nxc5 Qxc5 16. Bd2 a5 17. Rc1 Bc6 18. Ra3 O-O 19. e4 Nf6 20. Bd5 Qb6 21.
Bxb4 axb4 22. Rxc6 Qb7 23. Rxa8 Rxa8 24. Rxe6 Nxd5 25. Rd6 Nf4 26. Qd1 h6 27.
g3 Ne6 28. Qd5 Qc8 29. Qd1 Ra2 30. Nd4 Ng5 31. Nf5 Qc4 32. Rd4 Qa6 33. Qd3 Qxd3
34. Rxd3 Rxb2 35. f3 b3 36. h4 Nh3+ 37. Kf1 Rf2+ 38. Ke1 b2 39. Rb3 Rh2 40. Ne3
Nf2 41. Nf1 Nd3+ 42. Kd1 Rg2 43. Nd2 Nc5 44. Rxb2 Rxg3 45. Ke2 Rh3 46. Rb8+ Kh7
47. Nc4 Rxh4 48. Nd6 Kg6 49. Rf8 Rf4 50. Nf5 Ne6 51. Rh8 h5 52. Ke3 Kf6 53.
Rxh5 g6 54. Rh4 1/2-1/2